Central Library and Information Centre
Sibsagar Girls' College, Sivasagar : Assam

THE FRENCH REVOLUTION (Record no. 101)

MARC details
000 -LEADER
fixed length control field 00359cam a2200157ua 4500
008 - FIXED-LENGTH DATA ELEMENTS--GENERAL INFORMATION
fixed length control field 150303n II |||gr||||Z||||||eng
040 ## - CATALOGING SOURCE
Original cataloging agency MAIN
041 ## - LANGUAGE CODE
-- English
082 ## - DEWEY DECIMAL CLASSIFICATION NUMBER
Classification number 944.04 BEL
100 ## - MAIN ENTRY--PERSONAL NAME
Personal name BELLOC,HILAIRE.
245 ## - TITLE STATEMENT
Title THE FRENCH REVOLUTION
260 ## - PUBLICATION, DISTRIBUTION, ETC.
Place of publication, distribution, etc. NEW DELHI
Name of publisher, distributor, etc. OXFORD UNIVERSITY PRESS
300 ## - PHYSICAL DESCRIPTION
Extent 000.:
Dimensions 20CM.
942 ## - ADDED ENTRY ELEMENTS (KOHA)
Koha item type Books
Holdings
Withdrawn status Lost status Damaged status Not for loan Collection code Home library Current library Shelving location Date acquired Full call number Barcode Date last seen Copy number Price effective from Koha item type Public note
        REFHIS Central Library and Information Centre Sibsagar Girls College Central Library and Information Centre Sibsagar Girls College Rare & Special Books 19.04.1967 944.04 BEL 00118 27.02.2020 1 27.02.2020 Books V


Sibsagar Girl's College © 2020. All rights reserved.
Powered by Koha.
Maintained by Abhijit Borpuzari.